На войне как на войне: Повести; Клавдия Вилор; А зори здесь тихие...; На войне как на войне; Только бы одну весну
| Andre forfattere: | |
|---|---|
| Sprog: | russisk |
| Udgivet: |
Воронеж, Центрально-Черноземное книжное изд-во, 1987
|
| TOC: | Д. А. Гранин, Клавдия Вилор; Б. Л. Васильев, А зори здесь тихие...; В. А. Курочкин, На войне как на войне; М. Шевченко, Только бы одну весну; |
| Serier: | Ратная слава Молодому современнику о великом народном подвиге |
| Fag: | |
| Format: | Bog |
| KOHA link: | https://koha.lib.tpu.ru/cgi-bin/koha/opac-detail.pl?biblionumber=115885 |
MARC
| LEADER | 00000nam0a2200000 4500 | ||
|---|---|---|---|
| 001 | 115885 | ||
| 005 | 20231031122946.0 | ||
| 020 | |a RU |b 87-89989 | ||
| 035 | |a (RuTPU)RU\TPU\book\125372 | ||
| 090 | |a 115885 | ||
| 100 | |a 20070515d1987 m y0rusy5003 ca | ||
| 101 | 0 | |a rus | |
| 102 | |a RU | ||
| 105 | |a a z 000ay | ||
| 200 | 1 | |a На войне как на войне |e Повести |f авт. предисл. Ю. Б. Лукин | |
| 210 | |a Воронеж |c Центрально-Черноземное книжное изд-во |d 1987 | ||
| 215 | |a 302,[2] с. |c ил. |d 21 см | ||
| 225 | 1 | |a Ратная слава | |
| 225 | 1 | |a Молодому современнику о великом народном подвиге | |
| 464 | |t Клавдия Вилор |f Д. А. Гранин | ||
| 464 | |t А зори здесь тихие... |f Б. Л. Васильев | ||
| 464 | |t На войне как на войне |f В. А. Курочкин | ||
| 464 | |t Только бы одну весну |f М. Шевченко | ||
| 610 | 1 | |a советская литература | |
| 610 | 1 | |a повести | |
| 610 | 1 | |a Великая Отечественная война 1941-1945 | |
| 610 | 1 | |a Советская Армия | |
| 675 | |a Р2 |z rus |v 3 | ||
| 702 | 1 | |a Лукин |b Ю. Б. |4 080 | |
| 801 | 0 | |a RU |b RuMRKP |c 19950417 |g psbo | |
| 801 | 1 | |a RU |b 63413507 |c 20070515 |g PSBO | |
| 801 | 2 | |a RU |b 63413507 |c 20190424 |g PSBO | |
| 942 | |c BK | ||